|
|
|
|
| LEADER |
01092nam a2200277 a 4500 |
| 001 |
26132524 |
| 008 |
091117s1992 cau b 001 0 eng d |
| 010 |
|
|
|a 92020727 //r92
|
| 020 |
|
|
|a 080399446X
|
| 020 |
|
|
|a 8170363047
|
| 040 |
|
|
|a DLC
|c DLC
|d OrLoB-B
|
| 082 |
0 |
0 |
|a 331.12/93358
|2 20
|
| 100 |
1 |
|
|a Isaac, T. M. Thomas.
|
| 245 |
1 |
0 |
|a Modernisation and employment :
|b the coir industry in Kerala /
|c T. M. Thomas Isaac, P. A. van Stuijvenberg. K. N. Nair.
|
| 260 |
|
|
|a Newbury Park, Calif. :
|b Sage,
|c 1992.
|
| 263 |
|
|
|a 9209.
|
| 300 |
|
|
|a 249 p. ;
|c 23 cm.
|
| 490 |
0 |
|
|a Indo-Dutch studies on development alternatives ;
|v 10.
|
| 504 |
|
|
|a Includes bibliographical references and index.
|
| 541 |
1 |
|
|e 00012483
|
| 650 |
|
0 |
|a Coir industry
|z India
|z Kerala.
|
| 700 |
1 |
|
|a Stuijvenberg, Paul van.
|
| 700 |
1 |
|
|a Nair, K. N.
|
| 852 |
4 |
|
|a Ayesha Abed Library
|j General Shelf.
|
| 999 |
|
|
|c 5649
|d 5649
|
| 952 |
|
|
|0 0
|1 0
|2 ddc
|4 0
|6 331_129335800000000_ISA
|7 0
|9 5568
|a BRACUL
|b BRACUL
|c GEN
|d 2009-11-21
|g 0.00
|l 0
|o 331.1293358 ISA
|p 3010012483
|r 2009-11-21
|t 1
|w 2009-11-21
|y BK
|x No price found in the accession register.
|